000 00466nam a2200121Ia 4500
008 170221s9999 xx 000 0 und d
100 _aCharles McPeak
245 4 _aThe effects of drought on sustainability and financial performance
245 _cCharles McPeak, Pepperdine University; Gabriella Namvar, Pepperdine University.
260 _bJournal of Management and Marketing Research
650 _xBusiness
856 _uhttp://www.aabri.com/manuscripts/152178.pdf
999 _c307893
_d307893